00381nam a22001337a 450000500170000000800410001704100130005808200140007110000130008524500490009826000490014730000260019665000250022220231110090221.0231110b |||||||| |||| 00| 0 eng d aEnglish  a346.1 PRO lEnglish  aProposals for Divorce Law Reform in Namibia  aWindhoek : bLegal Assistance Centre, c2000 b596 pages ; c30 cm.  aLegal practice bLaw